Countries that Visit Czech Republic the Most - Statistics

General Stats
  • This quiz has been taken 1,251 times
  • The average score is 9 of 10
Answer Stats
Rank Country # of visitors % Correct
1 Germany 1,879,754
99%
5 United Kingdom 470,643
97%
3 Poland 543,247
96%
2 Slovakia 645,788
96%
4 United States 511,629
94%
10 Austria 283,608
92%
7 Italy 368,851
90%
6 Russia 406,410
89%
8 China 354,799
83%
9 South Korea 322,108
43%
No matching quizzes found
Score Distribution
Percent of People with Each Score
Percentile by Number Answered
Your Score History
You have not taken this quiz